• 首页
  • 本馆介绍
  • 公告通知
  • 最新文献
  • 馆藏检索
  • 电子资源
  • 读者导购
  • 参考咨询
  • 我的图书馆
  • 登录
  • 详细信息显示
  • 放入我的书架
  • 预约/预借图书
  • 作者相关作品
  • 分类相关作品
  • 丛书相关作品
  • 出版社相关作品

书目信息

  • 表格格式
  • 工作单格式
  • 卡片格式
题名:
地图复制技术
    
 
作者: 薛奎生 , 栾书俊 编
分册:  
出版信息: 北京   测绘出版社  1984
页数: 156页
开本: 19cm
丛书名:
单 册:
中图分类: P288
科图分类:
主题词: 地图印刷--技术
电子资源:
ISBN:
000 00662nam0 2200253 45
001 0184002582
005 20040701161604.0
010    @dCNY0.42
091    @a15039.新307
100    @a19950603d1984 em y0chiy0121 ea
101 0  @achi
102    @aCN@b110000
105    @ay z 000yy
106    @ar
200 10 @a地图复制技术@Adi tu fu zhi ji shu@f薛奎生,栾书俊编
210    @a北京@c测绘出版社@d1984
215    @a156页@d19cm
606    @a地图印刷@x技术
690    @aP288@v3
701  0 @a薛奎生@Axue kui sheng@4编
701  0 @a栾书俊@Aluan shu jun@4编
801  0 @aCN@b上海图书馆@c20040520
801  2 @aCN@bNLC@c20040520
905    @dP288@e15@f1@b110807
    
    地图复制技术/薛奎生,栾书俊编.-北京:测绘出版社,1984
    156页;19cm
    
    
    ISBN :CNY0.42
    
●
相关链接 在E读中查询图书 在五车中查询图书 在当当中查询图书 在豆瓣中查询图书


正题名:地图复制技术     索取号:P288/15         预约/预借

序号 登录号 条形码 馆藏地/架位号 状态 备注
1 0110807   001944276   第三借阅区/ [索取号:P288/15] 在馆    
2 0110808   000072405   第三借阅区/ [索取号:P288/15] 在馆    
3 0110809   000072414   第二样本阅览室/ [索取号:P288/15] 在馆    
唐山师范学院图书馆 欢迎您!
大连网信软件有限公司© 版权所有